00614nam a22001697a 4500020001800000040000900018082001800027100002600045245002700071250001700098260005000115650003400165942001200199999001900211952010700230952010700337 a9788129703507 cNust a621.3845bSCH aJochen Schiller 9730 aMobile communications  a2nd Edition  aNew York:bPearson education services,c2003. aMobile communications 969163 2ddccBK c610896d610896 00102ddc4070aCEMEbCEMEcGENd2024-08-13l0o621.3845 SCHpCEME- 39750r2024-08-13w2024-08-13yBK 00102ddc4070aCEMEbCEMEcGENd2024-08-13l0o621.3845 SCHpCEME- 39751r2024-08-13w2024-08-13yBK